| 000 | 00708nam a2200205Ia 4500 | ||
|---|---|---|---|
| 001 | 10432 | ||
| 003 | GE_BSU | ||
| 008 | 181216s||||||||xx |||||||||||||| ||und|| | ||
| 040 | _cGE_BSU | ||
| 100 | _aუიარაღო (თათარაშვილი,კონდრატე) | ||
| 245 | _aმამელუკი | ||
| 245 | _bმოთხრობა | ||
| 245 | _cრედ:პლ.ბებია; მხატვ:გ.გულისაშვილი, ვ.ტოროტაძე. | ||
| 260 | _aთბილისი | ||
| 260 | _bსახელგამი | ||
| 260 | _c1954 | ||
| 300 | _a120გვ;21სმ. | ||
| 653 | _aმამელუკი:მოთხრობა | ||
| 942 | _cBK | ||
| 999 |
_c43692 _d43692 |
||